Loading...

Archaeology & heritage :Haryana - current trends

The book comprises twenty-one selected research papers, some of which have been presented in the seminars or conferences but remained unpublished. This book is not just an act of preservation but it is, in fact, a comprehensive presentation of current research on Haryana, which will prove highly inf...

Full description

Bibliographic Details
Other Authors: Jagdish Parshad,Ed
Format: Printed Book
Published: Delhi B.R 2019
Subjects:
LEADER 01714cam a2200181 i 4500
020 |a 9789387587816 
082 0 4 |a 954.558  |b ARC 
245 0 0 |a Archaeology & heritage :Haryana - current trends 
260 |a Delhi   |b B.R  |c 2019 
300 |a xxiv, 364p.  |b illustrations (black and white, and color) ; 
500 |a Contributed articles. 
520 |a The book comprises twenty-one selected research papers, some of which have been presented in the seminars or conferences but remained unpublished. This book is not just an act of preservation but it is, in fact, a comprehensive presentation of current research on Haryana, which will prove highly informative and thought-provoking to scholars, in the history and culture of Haryana. The scope of this book is vast-from Stone Age to the modern times. One of the main objectives of this book is to bring forward the research being conducted in Haryana or related to Haryana that is not often well published. We also aim to bring out cutting-edge research in scientific, technical and methodological field to the focus area of this book. As a result, our understanding of the subject is wanting in clarity and, more importantly, fullness on several; counts; and many questions, which the present generation asks to satiate their fresh interests in their past, remain unanswered in parts, if not wholly. The present book seeks to supply the desideratum because of which this situation has arisen.  
650 7 |a Antiquities. 
650 7 |a Civilization.  |a Archaeology-haryana 
700 1 |a Jagdish Parshad,Ed. 
942 |c BK 
999 |c 59631  |d 59631 
952 |0 0  |1 0  |4 0  |6 954_558000000000000_ARC  |7 0  |9 66760  |a KUCL  |c Stack  |d 2020-11-04  |g 2500.00  |l 0  |o 954.558 ARC  |p 51701  |r 2020-11-04  |w 2020-11-04  |y BK